000 00930nam a2200217Ia 4500
001 11521
003 GE_BSU
008 181216s||||||||xx |||||||||||||| ||und||
040 _cGE_BSU
080 _a633.824
100 _aგუგუნავა,ნანი.
245 _aკეთილშობილი დაფნის ფოტოსინთეზი კვების რეჟიმთან დაკავშირებით.
245 _cრედ:ლ.ბეჟანიძე; მხატვ:რ.ლომაძე.
260 _aბათუმი.
260 _bსაბჭოთა აჭარა.
260 _c1974
300 _a138გვ;17სმ.
300 _eრეზიუმე გვ.134.
653 _aკეთილშობილი დაფნის ფოტოსინთეზი კვების რეჟიმთან დაკავშირებით.
942 _cBK
999 _c44716
_d44716